[Event "CZE-chT2F 0910"]
[Site "Czech Republic"]
[Date "2010.01.17"]
[Round "5.8"]
[White "Gil, Karel"]
[Black "Pavelkova, Michaela"]
[Result "1-0"]
[WhiteElo "1979"]
[BlackElo "1831"]
[PlyCount "105"]
[EventDate "2009.10.18"]
[EventType "team-tourn"]
[EventRounds "11"]
[EventCountry "CZE"]
[SourceTitle "EXT 2012"]
[Source "ChessBase"]
[SourceDate "2011.11.24"]
[SourceVersion "1"]
[SourceVersionDate "2011.11.24"]
[SourceQuality "1"]
[WhiteTeam "Havirov"]
[BlackTeam "Frydek Mistek II"]
[WhiteTeamCountry "CZE"]
[BlackTeamCountry "CZE"]

1. c4 e5 2. Nc3 Nc6 3. Nf3 Nf6 4. g3 Bc5 5. Bg2 h6 6. 0-0 0-0 7. e3 e4 8. Ne1 Re8 9. d4 Bb4 10. Qc2 Bxc3 11. Qxc3 d5 12. Bd2 Bg4 13. Nc2 Be2 14. Rfe1 Bxc4 15. Na3 Bd3 16. b4 a6 17. Rec1 Qd7 18. Nc2 a5 19. a3 axb4 20. Nxb4 Nxb4 21. axb4 c6 22. Qc5 Qc8 23. Qd6 Rd8 24. Qf4 Ne8 25. h4 Rd6 26. g4 Rf6 27. Qg3 Nd6 28. Bh3 Rf3 29. Qg2 Nc4 30. Bc3 Rxa1 31. Rxa1 Qe6 32. Ra7 b6 33. Kh2 Qd6+ 34. Kg1 Qe6 35. Kh2 Qd6+ 36. Kg1 g5 37. Ra8+ Kg7 38. Qh1 Qf6 39. Qh2 gxh4 40. Qb8 Kg6 41. Bg2 Be2 42. Qg8+ Qg7 43. Bxf3 Bxf3 44. Qxg7+ Kxg7 45. Rc8 Bxg4 46. Rxc6 f6 47. b5 Kg6 48. Rc7 h5 49. Bb4 f5 50. Rc6+ Kf7 51. Bc5 bxc5 52. dxc5 f4 53. b6 1-0

[Event "EU-ch U16 Girls 18th"]
[Site "Herceg Novi"]
[Date "2008.09.17"]
[Round "3"]
[White "Pavelkova, Michaela"]
[Black "Gorozhankina, Julia"]
[Result "0-1"]
[WhiteElo "1886"]
[BlackElo "2094"]
[PlyCount "62"]
[EventDate "2008.09.15"]
[EventType "swiss"]
[EventRounds "9"]
[EventCountry "MNE"]
[SourceTitle "CBM 126 Extra"]
[Source "ChessBase"]
[SourceDate "2008.11.05"]
[SourceVersion "1"]
[SourceVersionDate "2008.11.05"]
[SourceQuality "1"]

1. e4 c5 2. Nf3 Nc6 3. d4 cxd4 4. Nxd4 g6 5. c4 Bg7 6. Be3 Nf6 7. Nc3 Ng4 8. Qxg4 Nxd4 9. Qd1 Ne6 10. Be2 Qa5 11. 0-0 Bxc3 12. bxc3 Qxc3 13. Qd5 0-0 14. Rac1 Qb2 15. Bg4 d6 16. f4 Qa3 17. Rf3 Nc7 18. Qg5 Bxg4 19. Qxg4 f5 20. Qh4 fxe4 21. Rh3 Rf7 22. f5 Raf8 23. Re1 Qd3 24. Bxa7 Qxc4 25. Rxe4 Qxa2 26. Bf2 Qb1+ 27. Be1 Nd5 28. g3 Nc3 29. Rxe7 Qxf5 30. Rxf7 Qxf7 31. Qxh7+ Qxh7 0-1

[Event "CZE-ch U16 Girls"]
[Site "Sec u Chrudimi"]
[Date "2008.03.15"]
[Round "9"]
[White "Valesova, Sarka"]
[Black "Pavelkova, Michaela"]
[Result "1/2-1/2"]
[WhiteElo "1870"]
[BlackElo "1906"]
[PlyCount "42"]
[EventDate "2008.03.08"]
[EventType "swiss"]
[EventRounds "9"]
[EventCountry "CZE"]
[SourceTitle "EXT 2009"]
[Source "ChessBase"]
[SourceDate "2008.11.26"]
[SourceVersion "1"]
[SourceVersionDate "2008.11.26"]
[SourceQuality "1"]

1. e4 e6 2. d4 d5 3. Nd2 a6 4. c3 c5 5. exd5 exd5 6. Bd3 Nc6 7. Ne2 Nf6 8. 0-0 Bd6 9. Nf3 Bg4 10. Re1 0-0 11. Be3 c4 12. Bc2 Qc7 13. Ng3 h5 14. h3 Bxh3 15. gxh3 Bxg3 16. fxg3 Qxg3+ 17. Kf1 Qxh3+ 18. Kg1 Qg3+ 19. Kf1 Qh3+ 20. Kg1 Qg3+ 21. Kh1 Qh3+ 1/2-1/2

[Event "CZE-ch U16 Girls"]
[Site "Sec u Chrudimi"]
[Date "2008.03.14"]
[Round "8"]
[White "Pavelkova, Michaela"]
[Black "Slivova, Veronika"]
[Result "1/2-1/2"]
[WhiteElo "1906"]
[BlackElo "1651"]
[PlyCount "131"]
[EventDate "2008.03.08"]
[EventType "swiss"]
[EventRounds "9"]
[EventCountry "CZE"]
[SourceTitle "EXT 2009"]
[Source "ChessBase"]
[SourceDate "2008.11.26"]
[SourceVersion "1"]
[SourceVersionDate "2008.11.26"]
[SourceQuality "1"]

1. e4 e5 2. Nf3 Nc6 3. d4 exd4 4. Nxd4 Bc5 5. Be3 Qf6 6. c3 Nge7 7. Nc2 Bb6 8. Be2 0-0 9. 0-0 d6 10. Nd2 Ng6 11. Nc4 Re8 12. f3 Bxe3+ 13. N4xe3 Be6 14. Nd4 Nce5 15. Ndf5 Ne7 16. f4 N5c6 17. Ng4 Qg6 18. Nxe7+ Nxe7 19. f5 Nxf5 20. exf5 Bxf5 21. Rf4 Qg5 22. Rb4 b6 23. Rd4 Re7 24. Qd2 Qxd2 25. Rxd2 Rae8 26. Bf3 h5 27. Bc6 Bxg4 28. Bxe8 Rxe8 29. Kf2 g6 30. h3 Be6 31. Re1 Kg7 32. Rde2 Kf6 33. Re4 Rc8 34. c4 c5 35. b3 a6 36. Rd1 Ke7 37. Re3 Rd8 38. Ke2 Kd7 39. Kd2 Kc6 40. Kc3 b5 41. a3 d5 42. cxd5+ Rxd5 43. Rxd5 Kxd5 44. Rd3+ Kc6 45. Rd8 Kb7 46. b4 c4 47. Rd2 g5 48. Kd4 g4 49. Re2 Kb6 50. Re5 gxh3 51. gxh3 Bxh3 52. Rxh5 Bg4 53. Rh6+ Be6 54. Rf6 Kc6 55. Ke5 Kd7 56. Rf3 Ke7 57. Rf4 Kd7 58. Rf3 Kc7 59. Rc3 Kb6 60. Rf3 a5 61. Rf6 c3 62. Rf3 c2 63. Rc3 axb4 64. axb4 Bb3 65. Kf6 Kb7 66. Ke5 1/2-1/2

[Event "CZE-ch U16 Girls"]
[Site "Sec u Chrudimi"]
[Date "2008.03.10"]
[Round "4"]
[White "Olsarova, Karolina"]
[Black "Pavelkova, Michaela"]
[Result "1-0"]
[WhiteElo "2076"]
[BlackElo "1906"]
[PlyCount "107"]
[EventDate "2008.03.08"]
[EventType "swiss"]
[EventRounds "9"]
[EventCountry "CZE"]
[SourceTitle "EXT 2009"]
[Source "ChessBase"]
[SourceDate "2008.11.26"]
[SourceVersion "1"]
[SourceVersionDate "2008.11.26"]
[SourceQuality "1"]

1. e4 e6 2. d4 d5 3. Nd2 a6 4. Ngf3 c5 5. exd5 exd5 6. dxc5 Bxc5 7. Nb3 Bb6 8. Be2 Nf6 9. Bg5 Be6 10. Nfd4 0-0 11. Bf3 Nbd7 12. 0-0 Bc7 13. Re1 Ne5 14. Bf4 Nxf3+ 15. Qxf3 Bxf4 16. Qxf4 Qb6 17. a4 a5 18. Re3 Ne4 19. Re2 Rae8 20. Nb5 Rc8 21. c3 Bd7 22. N3d4 Rfe8 23. Rae1 Bxb5 24. axb5 h6 25. h3 Qf6 26. Qxf6 Nxf6 27. Rxe8+ Rxe8 28. Kf1 Kf8 29. Rxe8+ Nxe8 30. Nf5 f6 31. Ne3 Nd6 32. Nxd5 Nxb5 33. Ke2 Kf7 34. Ne3 Ke6 35. Nc4 a4 36. Kd3 f5 37. Na5 Nd6 38. Kd4 b6 39. Nc4 b5 40. Na3 g6 41. f3 f4 42. Kc5 Nf5 43. Nxb5 Ne3 44. Nd4+ Kd7 45. Kb5 Nxg2 46. c4 g5 47. c5 h5 48. c6+ Kc8 49. Kxa4 Ne1 50. b4 Nxf3 51. Nxf3 g4 52. hxg4 hxg4 53. Ne5 g3 54. Nf3 1-0

[Event "Frydek Mistek BSS Cup"]
[Site "Frydek Mistek"]
[Date "2008.02.27"]
[Round "6"]
[White "Pavelkova, Michaela"]
[Black "Svoboda, Matej"]
[Result "1-0"]
[WhiteElo "1911"]
[BlackElo "1863"]
[PlyCount "61"]
[EventDate "2008.02.23"]
[EventType "swiss"]
[EventRounds "7"]
[EventCountry "CZE"]
[SourceTitle "EXT 2010"]
[Source "ChessBase"]
[SourceDate "2010.11.25"]
[SourceVersion "1"]
[SourceVersionDate "2010.11.25"]
[SourceQuality "1"]

1. e4 c5 2. Nf3 d6 3. d4 cxd4 4. Nxd4 Nf6 5. Nc3 Nc6 6. Bg5 e6 7. Qd2 Be7 8. 0-0-0 a6 9. f3 Qa5 10. Be3 0-0 11. g4 Nxd4 12. Bxd4 b5 13. Kb1 b4 14. Ne2 Bb7 15. g5 Nd7 16. h4 Ne5 17. Rh3 Rac8 18. Nf4 Rc6 19. Qg2 Rfc8 20. Rd2 Nd7 21. Rg3 g6 22. h5 Nc5 23. b3 Qb6 24. hxg6 fxg6 25. Bc4 Kf8 26. Nxe6+ Ke8 27. Qh2 Kd7 28. Qxh7 a5 29. Bf6 Re8 30. e5 a4 31. Nxc5+ 1-0

[Event "Frydek Mistek BSS Cup"]
[Site "Frydek Mistek"]
[Date "2008.02.25"]
[Round "4"]
[White "Pavelkova, Michaela"]
[Black "Jacko, Vladimir"]
[Result "0-1"]
[WhiteElo "1911"]
[BlackElo "2167"]
[PlyCount "72"]
[EventDate "2008.02.23"]
[EventType "swiss"]
[EventRounds "7"]
[EventCountry "CZE"]
[SourceTitle "EXT 2010"]
[Source "ChessBase"]
[SourceDate "2010.11.25"]
[SourceVersion "1"]
[SourceVersionDate "2010.11.25"]
[SourceQuality "1"]

1. e4 c5 2. Nf3 Nc6 3. d4 cxd4 4. Nxd4 g6 5. c4 Bg7 6. Be3 d6 7. Nc3 Nh6 8. Be2 0-0 9. 0-0 f5 10. g3 Nxd4 11. Bxd4 e5 12. Be3 f4 13. Bd2 g5 14. g4 Nf7 15. Kh1 Be6 16. b3 Qd7 17. Rg1 Nd8 18. Bc1 Nc6 19. Nb5 Nd4 20. Nxd4 exd4 21. Rb1 Rf7 22. Bf3 Qe7 23. Bb2 h5 24. Qd3 Re8 25. Rbe1 Qd7 26. h3 hxg4 27. Bxg4 f3 28. Bxd4 Bxd4 29. Qxd4 Rh7 30. Bxe6+ Qxe6 31. Rxg5+ Kf8 32. Rf5+ Qxf5 33. Qxd6+ Kg8 34. Rg1+ Kf7 35. exf5 Rxh3+ 36. Qh2 Reh8 0-1

[Event "Frydek Mistek BSS Cup"]
[Site "Frydek Mistek"]
[Date "2008.02.23"]
[Round "2"]
[White "Pavelkova, Michaela"]
[Black "Pecha, Tomas"]
[Result "1/2-1/2"]
[WhiteElo "1911"]
[BlackElo "2176"]
[PlyCount "61"]
[EventDate "2008.02.23"]
[EventType "swiss"]
[EventRounds "7"]
[EventCountry "CZE"]
[SourceTitle "EXT 2010"]
[Source "ChessBase"]
[SourceDate "2010.11.25"]
[SourceVersion "1"]
[SourceVersionDate "2010.11.25"]
[SourceQuality "1"]

1. e4 e5 2. Nc3 Nf6 3. f4 d5 4. exd5 Nxd5 5. fxe5 Nxc3 6. dxc3 Qh4+ 7. Kd2 Qf4+ 8. Ke1 Qxe5+ 9. Qe2 Bd6 10. Nf3 Qxe2+ 11. Bxe2 0-0 12. Be3 Nc6 13. Kf2 Bf5 14. Bd3 Bg6 15. Rad1 Rfe8 16. Rhe1 a6 17. a4 Rad8 18. Rd2 Kf8 19. Bxg6 hxg6 20. g3 f6 21. Ree2 Kf7 22. Bd4 g5 23. Rxe8 Rxe8 24. Re2 Rh8 25. Kg2 g4 26. Nd2 Be5 27. Re4 Bxd4 28. cxd4 Rd8 29. c3 f5 30. Re2 g5 31. h3 1/2-1/2

[Event "CZE-ch U18 Girls/sf U18"]
[Site "Czech Republic"]
[Date "2008.??.??"]
[Round "1"]
[White "Fiala, Vaclav"]
[Black "Pavelkova, Michaela"]
[Result "1-0"]
[WhiteElo "2140"]
[BlackElo "1880"]
[PlyCount "49"]
[EventDate "2008.??.??"]
[EventType "swiss"]
[EventRounds "9"]
[EventCountry "CZE"]
[SourceTitle "EXT 2011"]
[Source "ChessBase"]
[SourceDate "2010.11.26"]
[SourceVersion "1"]
[SourceVersionDate "2010.11.26"]
[SourceQuality "1"]

1. e4 c5 2. Nf3 e6 3. c3 d5 4. exd5 Qxd5 5. d4 Nc6 6. Be3 cxd4 7. cxd4 Bb4+ 8. Nc3 Nf6 9. Bd3 0-0 10. 0-0 Qh5 11. h3 Bxc3 12. bxc3 Re8 13. Re1 b6 14. Bg5 Bb7 15. Bxf6 gxf6 16. Re4 f5 17. Rh4 Qg6 18. Rg4 fxg4 19. Bxg6 hxg6 20. hxg4 Kg7 21. Qd2 Rac8 22. Qf4 f6 23. g5 f5 24. Re1 Rcd8 25. Qh2 1-0

[Event "CZE-ch U18 Girls/sf U18"]
[Site "Czech Republic"]
[Date "2008.??.??"]
[Round "8"]
[White "Pavelkova, Michaela"]
[Black "Dvorak, Martin"]
[Result "0-1"]
[WhiteElo "1880"]
[BlackElo "1998"]
[PlyCount "64"]
[EventDate "2008.??.??"]
[EventType "swiss"]
[EventRounds "9"]
[EventCountry "CZE"]
[SourceTitle "EXT 2011"]
[Source "ChessBase"]
[SourceDate "2010.11.26"]
[SourceVersion "1"]
[SourceVersionDate "2010.11.26"]
[SourceQuality "1"]

1. e4 c5 2. Nf3 Nc6 3. d4 cxd4 4. Nxd4 Nf6 5. Nc3 e5 6. Ndb5 d6 7. Bg5 a6 8. Na3 b5 9. Nd5 Be7 10. Bxf6 Bxf6 11. c3 0-0 12. Nc2 Ne7 13. Ncb4 Kh8 14. h4 Nxd5 15. Nxd5 Be7 16. a4 bxa4 17. Rxa4 a5 18. Bc4 f5 19. exf5 Bxf5 20. Ne3 Bd7 21. Ra1 Rb8 22. Bd3 Be8 23. Qc2 h6 24. Be4 a4 25. Qd2 Bxh4 26. Nf5 Bg5 27. Qe2 d5 28. Bb1 Qf6 29. b4 Bb5 30. Qg4 e4 31. Nd4 Qxf2+ 32. Kd1 Qd2# 0-1

[Event "CZE-ch U18 Girls/sf U18"]
[Site "Czech Republic"]
[Date "2008.??.??"]
[Round "2"]
[White "Pavelkova, Michaela"]
[Black "Sabolova, Kristyna"]
[Result "1/2-1/2"]
[WhiteElo "1880"]
[BlackElo "1562"]
[PlyCount "73"]
[EventDate "2008.??.??"]
[EventType "swiss"]
[EventRounds "9"]
[EventCountry "CZE"]
[SourceTitle "EXT 2011"]
[Source "ChessBase"]
[SourceDate "2010.11.26"]
[SourceVersion "1"]
[SourceVersionDate "2010.11.26"]
[SourceQuality "1"]

1. e4 e5 2. Nf3 Nc6 3. d4 exd4 4. Nxd4 Bc5 5. Be3 Qf6 6. c3 Nge7 7. Nc2 Bb6 8. Bxb6 axb6 9. Ne3 0-0 10. Be2 d6 11. 0-0 Qg6 12. Nd2 f5 13. Bh5 Qg5 14. f4 Qh6 15. g3 Qe6 16. Qb3 fxe4 17. Qxe6+ Bxe6 18. Nxe4 Rxa2 19. Rxa2 Bxa2 20. Ra1 Bd5 21. Nxd5 Nxd5 22. Ng5 Nf6 23. Bf3 Re8 24. f5 g6 25. Ne6 gxf5 26. Nxc7 Re7 27. Nb5 Rd7 28. Bxc6 bxc6 29. Nd4 c5 30. Nxf5 Kf7 31. h3 Nd5 32. c4 Ne7 33. Rf1 Nxf5 34. Rxf5+ Ke6 35. Rd5 Rb7 36. Kf2 b5 37. b3 1/2-1/2

[Event "Usti nad Labem op U13/15 Girls"]
[Site "Usti nad Labem"]
[Date "2007.06.27"]
[Round "7"]
[White "Pavelkova, Michaela"]
[Black "Prokopova, Jirina"]
[Result "1-0"]
[WhiteElo "1790"]
[BlackElo "1768"]
[PlyCount "51"]
[EventDate "2007.06.21"]
[EventType "swiss"]
[EventRounds "7"]
[EventCountry "CZE"]
[SourceTitle "EXT 2008"]
[Source "ChessBase"]
[SourceDate "2007.11.25"]
[SourceVersion "1"]
[SourceVersionDate "2007.11.25"]
[SourceQuality "1"]

1. e4 e6 2. d4 d5 3. Nc3 Nf6 4. Bg5 Be7 5. e5 Nfd7 6. Bxe7 Qxe7 7. f4 c5 8. Nf3 Nc6 9. Qd2 a6 10. Be2 b5 11. Nd1 Bb7 12. Ne3 f6 13. c3 Rc8 14. Bd3 0-0 15. 0-0 Nb6 16. exf6 Rxf6 17. Rae1 Qd6 18. g3 Nd7 19. Ng4 Rff8 20. Ng5 h5 21. Rxe6 Qc7 22. Ne3 Nd8 23. Rg6 Nf6 24. Nf5 Ne8 25. Qe2 Qd7 26. Ne7+ 1-0

[Event "Frydek Mistek BSS Cup"]
[Site "Frydek Mistek"]
[Date "2007.02.22"]
[Round "5"]
[White "Langnerova, Karolina"]
[Black "Pavelkova, Michaela"]
[Result "0-1"]
[WhiteElo "1782"]
[BlackElo "1906"]
[PlyCount "58"]
[EventDate "2007.02.19"]
[EventType "swiss"]
[EventRounds "7"]
[EventCountry "CZE"]
[SourceTitle "EXT 2008"]
[Source "ChessBase"]
[SourceDate "2007.11.25"]
[SourceVersion "1"]
[SourceVersionDate "2007.11.25"]
[SourceQuality "1"]

1. e4 d5 2. exd5 Qxd5 3. Nc3 Qa5 4. d4 c6 5. Bc4 Nf6 6. h3 Bf5 7. Nf3 e6 8. 0-0 Bd6 9. Bg5 Nbd7 10. Re1 0-0-0 11. a3 h6 12. Be3 g5 13. b4 Qc7 14. Qe2 g4 15. hxg4 Bxg4 16. b5 Rdg8 17. bxc6 Qxc6 18. Nb5 Bb8 19. d5 exd5 20. Bd3 a6 21. Nbd4 Qd6 22. Bf5 h5 23. Bxg4 hxg4 24. Reb1 Rg7 25. Nf5 Qc7 26. Bb6 Nxb6 27. Ne5 Rgh7 28. Ng3 Qxe5 29. Qxe5 Bxe5 0-1

[Event "Beskydy Heart"]
[Site "Czech Republic"]
[Date "2007.??.??"]
[Round "4.1"]
[White "Medvec, Miroslav"]
[Black "Pavelkova, Michaela"]
[Result "0-1"]
[WhiteElo "1661"]
[BlackElo "1906"]
[PlyCount "68"]
[EventDate "2007.??.??"]
[EventType "k.o."]
[EventRounds "4"]
[EventCountry "CZE"]
[SourceTitle "EXT 2010"]
[Source "ChessBase"]
[SourceDate "2010.11.25"]
[SourceVersion "1"]
[SourceVersionDate "2010.11.25"]
[SourceQuality "1"]

1. d4 Nf6 2. c4 g6 3. Nc3 d5 4. cxd5 Nxd5 5. e4 Nxc3 6. bxc3 Bg7 7. Nf3 c5 8. Rb1 0-0 9. Be2 Nc6 10. d5 Ne5 11. 0-0 Nxf3+ 12. Bxf3 Bxc3 13. Qc2 Bd4 14. Bh6 Re8 15. Rfd1 b6 16. Rxd4 cxd4 17. e5 Bb7 18. Qc4 Rc8 19. Qxd4 Rc5 20. e6 f6 21. Rd1 Ba6 22. Be4 Rc4 23. Qe3 Qd6 24. Bf4 Qc5 25. Qf3 Qb5 26. d6 exd6 27. Bxd6 Qa4 28. Bd5 Rd4 29. Rxd4 Qxd4 30. e7+ Kg7 31. h4 Bb7 32. Bxb7 Qxd6 33. h5 Rxe7 34. hxg6 Re1# 0-1

[Event "Ostrava Konik op-A"]
[Site "Ostrava"]
[Date "2007.??.??"]
[Round "4"]
[White "Pavelkova, Michaela"]
[Black "Honc, Martin"]
[Result "0-1"]
[WhiteElo "1915"]
[BlackElo "2075"]
[PlyCount "38"]
[EventDate "2007.05.??"]
[EventType "swiss"]
[EventRounds "9"]
[EventCountry "CZE"]
[SourceTitle "EXT 2010"]
[Source "ChessBase"]
[SourceDate "2010.11.25"]
[SourceVersion "1"]
[SourceVersionDate "2010.11.25"]
[SourceQuality "1"]

1. e4 e6 2. d4 d5 3. exd5 exd5 4. Qf3 c6 5. Bd3 Nf6 6. h3 Be6 7. Ne2 Bd6 8. 0-0 0-0 9. Re1 Qb6 10. Nd2 Nbd7 11. c3 Rae8 12. Nf1 Ne4 13. Neg3 Nxg3 14. fxg3 Bg4 15. Qxg4 Rxe1 16. Kh2 Nf6 17. Qh4 Ne4 18. c4 Qxd4 19. Be3 Rxe3 0-1